000 00381nam a2200157Ia 4500
008 151213s9999 xx 000 0 und d
100 _aMaggie Tollerman
245 _aUnderstanding Syntax
_cMaggie Tollerman
250 _a1st
260 _aLondon
_bArnold
_c1998
300 _a3643 p.
650 _aEnglish
650 _aEnglish
700 _aMaggie Tollerman
999 _c2430
_d2430